| 000 | 00810cam a2200229 i 4500 | ||
|---|---|---|---|
| 003 | OSt | ||
| 005 | 20230706145725.0 | ||
| 008 | 750716r1975 nyua 000 0 eng | ||
| 010 | _a 74018717 | ||
| 020 |
_a0486201821 : _c$6.00 |
||
| 082 | 0 | 0 |
_a729 _bGRI |
| 100 | 1 | _aGrillo, Paul Jacques. | |
| 240 | 1 | 0 | _aWhat is design? |
| 245 | 1 | 0 |
_aForm, function, and design / _cPaul Jacques Grillo. |
| 260 |
_aNew York : _bDover Publications, _c1975, c1960. |
||
| 300 |
_a238 p. : _bill. ; _c28 cm. |
||
| 490 | 0 | _aDover art instruction and reference books | |
| 500 | _a"Unabridged republication of the work originally published under the title: What is design." | ||
| 650 | 0 | _aDesign. | |
| 650 | 0 | _aArchitectural design. | |
| 856 | 4 | 2 |
_3Publisher description _uhttp://www.loc.gov/catdir/description/dover031/74018717.html |
| 999 |
_c9751 _d9751 |
||